01562nam a2200445 i 450000100060000000300090000600500170001500800410003202000150007304000360008804600090012408000110013308000100014408000130015408000150016710000380018224501800022026000460040030000340044633600270048033700540050733800280056138000160058938000230060538800140062838800140064250400350065665000230069165000330071465000360074765000370078365000240082065000250084465800280086970000280089770000310092570000350095671000270099185600980101831410KOSZ 00520200903143104.0980808s1997 uk f |000 0 eng d a0471968544 cKOSZ 005aKOSZ 005dKOSZ 005/HR k1997 a621.01 a620.1 a539.3/.6 a519.61/.651 aKleiber, Michałd(1946- )eAutor10aParameter sensitvity in nonlinear mechanics :btheory and finite element computations /cMichał Kleiber ; in collab. with Horatio Antúnez, Tran Duong Hien, Piotr Kowalczyk. aChichester [et al.] :bJohn Wiley,c1997. aXV, 406 s. :bwykr. ;c25 cm. 2rdacontentaTekstbtxt 2rdamediaaBez urządzenia pośredniczącegobn 2rdacarrieraWoluminbnc aKsiążki aPublikacje naukowe a1901-2000 a1989-2000 aBibliogr. s.389-399. - Indeks. 4aAnaliza numeryczna 4aZastosowanie i wykorzystanie 4aWytrzymałość materiałów 4aMetoda elementów skończonych 4aMechanika stosowana 4aMechanika nieliniowa aInżynieria i technika1 aTran, Duong HieneAutor1 a Antúnez, HoratioeAutor1 aKowalczyk, Piotr MarianeAutor2 aJohn Wiley & Sons4pbl uhttp://koha.tu.koszalin.pl/cgi-bin/koha/opac-detail.pl?biblionumber=31410yKatalog online BPK